Handbook of municipal laws vol.[1] (Record no. 415773)

000 -LEADER
fixed length control field 00345cam a22001097a 4500
008 - FIXED-LENGTH DATA ELEMENTS--GENERAL INFORMATION
fixed length control field 180718b1972 xxu||||| |||| 00| 0 eng d
082 ## - DEWEY DECIMAL CLASSIFICATION NUMBER
Classification number B7303x5434 L969 2
245 ## - TITLE STATEMENT
Title Handbook of municipal laws vol.[1]
Statement of responsibility, etc. edited by K.C. Luhadiya
260 ## - PUBLICATION, DISTRIBUTION, ETC.
Place of publication, distribution, etc. Jaipur
Name of publisher, distributor, etc. The Rajasthan Local Self Govt. Institute
Date of publication, distribution, etc. 1972
300 ## - PHYSICAL DESCRIPTION
Extent iv,931p
700 ## - ADDED ENTRY--PERSONAL NAME
Personal name Luhadiya, K.C.
Holdings
Withdrawn status Lost status Damaged status Not for loan Permanent Location Current Location Date acquired Full call number Barcode Date last seen Price effective from Koha item type
        Indian Institute of Public Administration Indian Institute of Public Administration 2009-03-06 B7303x5434 L969 2 DA4445 2018-07-21 2018-07-21 DA
        Indian Institute of Public Administration Indian Institute of Public Administration 2009-03-06 B7303x5434 L969 2 DA4444 2018-07-21 2018-07-21 DA

Powered by Koha